书目信息 |
| 题名: |
长江流域湖泊的渔业资源与环境保护
|
|
| 作者: | 崔奕波 李钟杰 主编 | |
| 分册: | ||
| 出版信息: | 北京 科学出版社 2005.90 |
|
| 页数: | ||
| 开本: | 16开 | |
| 丛书名: | ||
| 单 册: | ||
| 中图分类: | S922.5 | |
| 科图分类: | ||
| 主题词: | 水产资源--分布--地区 , 水产志 | |
| 电子资源: | ||
| ISBN: | 7-03-015785-0 | |
| 000 | 00639nam0 2200193 450 | |
| 001 | 0736196517 | |
| 005 | 20070924100316.51 | |
| 010 | @a7-03-015785-0@d¥80.00 | |
| 100 | @a20070924d km y0chiy0120 ea | |
| 101 | 0 | @achi |
| 200 | 1 | @a长江流域湖泊的渔业资源与环境保护@Achang jiang liu yu hu bo de yu ye zi yuan yu huan jing bao hu@f崔奕波 李钟杰 主编@Fcui yi bo li zhong jie zhu bian |
| 210 | @a北京@c科学出版社@d2005.90 | |
| 215 | @d16开 | |
| 606 | 0 | @a水产资源@x分布@x地区 |
| 606 | 0 | @a水产志 |
| 690 | @aS922.5@v3 | |
| 701 | 0 | @a崔奕波 李钟杰@Acui yi bo li zhong jie@4主编 |
| 801 | 0 | @aCN@bPFT@c20070924 |
| 905 | @a213230@dS922.5@eZY05@f1 | |
| 长江流域湖泊的渔业资源与环境保护/崔奕波 李钟杰 主编.-北京:科学出版社,2005.90 |
| 16开 |
| ISBN 7-03-015785-0:¥80.00 |
| ● |
| 相关链接 |
|
|
|
|
正题名:长江流域湖泊的渔业资源与环境保护
索取号:S922.5/ZY05
 
预约/预借
| 序号 | 登录号 | 条形码 | 馆藏地/架位号 | 状态 | 备注 |
| 1 | 7901483 | 279014834 | 密集书库-资源管理系/ [索取号:S922.5/ZY05] | 在馆 |